000 00568nam a2200181Ia 4500
003 GCL
008 140319s9999 xx 000 0 ara d
040 _aGCL /
_cGCL
082 0 4 _a812.043
_bس ى
100 1 _aسعد الدين وهبة
245 1 0 _aيا سلام سلم الحيطة بتتكلم /
_cسعد الدين وهبة
300 _a121 ص
490 _aمكتبة الاسرة
_v0
650 0 4 _aالمسرحيات المصرية
650 0 4 _aالمسرحيات العربية - مصر
650 0 4 _aالادب العربى - مصر
942 _2ddc
_cBK
999 _c50763
_d50763